| 000 | 00423nam a2200145 a 4500 | ||
|---|---|---|---|
| 001 | 700 | ||
| 003 | CDMR | ||
| 005 | 20130228193348.0 | ||
| 008 | 130130s1995||||||||||||||||||||||||||||d | ||
| 040 |
_aCDMR _bcat _cCDMR |
||
| 100 | 1 |
_aBenach, Martí _9538 |
|
| 245 | 1 | 0 |
_aDiari de Barcelona (1987-1994) _b: el naufragi d'un diari nacional en català _cMartí Benach, Francesc Ràfols i David Sànchez |
| 260 | _c1995 | ||
| 942 |
_cMON _2ddc |
||
| 999 |
_c700 _d700 |
||